| 000 | 00345nam a22001577a 4500 | ||
|---|---|---|---|
| 003 | SGT | ||
| 020 | _a978-935152-89-8 | ||
| 082 | _a610, R15S | ||
| 100 | _aSINGH, PRITESH | ||
| 245 | _aREVIEW OF AIIMS PG. ENTRANCE EXAM. 2014-2011 | ||
| 250 | _a1ST | ||
| 260 |
_aDELHI _bJAYPEE _c2015 |
||
| 300 | _a1416 | ||
| 650 | _aMEDICINE | ||
| 942 |
_2ddc _cBK |
||
| 999 |
_c8331 _d8331 |
||